LEADER 00877nam a2200217 i 4500 001 000000187645 003 CaOOAMICUS 005 20100322000000.0 008 100322s1974 it u000 u ita u 013 $a165737 040 $aSeMil$bita 100 1 $aPezzella, Sosio.$0(OLS)http://semarc/name/59856 245 10$aImpero Romano e Cristianesimo :$bFonti (1.-2. sec.) /$cSosio Pezzella. 260 $aBari :$bAdriatica,$c1974. 300 $a82 p. ;$c25 cm. 500 $aContiene : Nota bibliografica. 650 4$aCristianesimo - Rapporti [con l'] Impero Romano.$0(OLS)http://semarc/subject/6030 850 $aSeMil 852 $aSeMil$W1$xVenegono$y1$m2T II 223$j138332$B138332$CSeMilBibl$Z2$F149770 $81 996 $6245$aImpero Romano e Cristianesimo :$bFonti (1.-2. sec.)$9(OLS)http://semarc/title/269973 996 $6260$aBari :$bAdriatica$9(OLS)http://semarc/publisher/30181 LEADER 01618nam a2200265 i 4500 001 000000065613 003 CaOOAMICUS 005 20131114000000.0 008 131114s1959 xx u000 u fre u 013 $a36785 040 $aSeMil$bita 100 1 $aGelinas, Jean-Paul.$0(OLS)http://semarc/name/32978 245 13$aLa restauration du thomisme sous Léon 13. et les philosophies nouvelles :$bétude de la pensée de Maurice Blondel et du Père Laberthonnière à la lumière d'"Aeterni Patris" /$cDissertation présentée à la Faculté de Théologie de The Catholic University of America Par Jean-Paul Gélinas , M.A., L. Th., prêtre séculier du diocèse d'Ottawa, Canada. 260 $aWashington :$bThe Catholic University of America Press,$c1959. 300 $a392 p. ;$c23 cm. 490 0 $aStudies in sacred theology. Second series ;$v111 500 $aContiene : Appendice. 600 14$aBlondel, Maurice <1861-1949>.$0(OLS)http://semarc/subject/458 650 4$aNeotomismo.$0(OLS)http://semarc/subject/1812 650 4$aTomismo.$0(OLS)http://semarc/subject/728 830 0$aStudies in sacred theology. Second series ;$v111.$0(OLS)http://semarc/title/36234 850 $aSeMil 852 $aSeMil$W1$xVenegono$y1$m2N I 163$j31766$B31766$CSeMilBibl$Z2$F31769 $81 996 $6245$aLa restauration du thomisme sous Léon 13. et les philosophies nouvelles :$bétude de la pensée de Maurice Blondel et du Père Laberthonnière à la lumière d'"Aeterni Patris"$9(OLS)http://semarc/title/104160 996 $6260$aWashington :$bThe Catholic University of America Press$9(OLS)http://semarc/publisher/30798 LEADER 01046nam a2200217 i 4500 001 000000069062 003 CaOOAMICUS 005 20130503000000.0 008 130503s1738 xx u000 u lat u 013 $a40234 026 $aiste n-S- ii50 teNi (3) 1738 (R) 040 $aSeMil$bita 245 10$aPars prior integrum systema complectens, qua exsistentia et attributa Dei a posteriori demostrantur. 300 $a[20], 595, [1] p. 500 $aSegn. : a4 b6 A-4D4 4E6. 773 0 $aWolff, Christian <1679-1754>$tTheologia naturalis methodo scientifica pertractata. Pars prior [-posterior] ... Auctore Christiano Wolfio.$bEditio novissima emendatior.$dVeronae : Typis Dionysii Ramanzini bibliopolae apud S. Thomam, 1738.$g1$w()28472 850 $aSeMil 852 $aSeMil$W1$xVenegono$y1$m2O V 21 FA$j35215$B35215$CSeMilBibl$Z2$F35218 $8I 941 1 $a10 961 $aRecupero: Mantegazza 996 $6245$aPars prior integrum systema complectens, qua exsistentia et attributa Dei a posteriori demostrantur$9(OLS)http://semarc/title/110519 LEADER 01210nam a2200277 i 4500 001 000000112690 003 CaOOAMICUS 005 20250124110743.0 008 050805s1981 it a c u000 u ita u 013 $a85374 040 $aSeMil$bita 100 1 $aPicasso, Pablo <1881-1973>.$0(OLS)http://semarc/name/34947 245 10$aPicasso :$bopere dal 1895 al 1971 dalla Collezione Marina Picasso. 264 1$aFirenze :$bSansoni,$c1981. 300 $a409 p. :$bin gran parte ill. ;$c25 cm. 500 $aCatalogo della mostra tenuta a Venezia, Centro di cultura di Palazzo Grassi, 3 maggio-26 luglio 1981 541 0 $aFondo Ciprandi 650 4$aPicasso, Pablo <1881-1973> - Cataloghi di esposizioni.$0(OLS)http://semarc/subject/20300 710 2 $aCollezione Marina Picasso.$0(OLS)http://semarc/name/121365 850 $aSeMil 852 $aSeMil$W1$xVenegono$y1$m5P XVI 26$j68410$B68410$CSeMilBibl$Z2$F101310 $81 941 1 $a1 961 $aOmaggio: Ciprandi dott. Paolo 996 $6245$aPicasso :$bopere dal 1895 al 1971 dalla Collezione Marina Picasso$9(OLS)http://semarc/title/164306 996 $6264$aFirenze :$bSansoni$9(OLS)http://semarc/publisher/29843